Score 0/26 Timer 04:00
3 Plays Today
Scrambled Word Answer % Correct
VABERBRAVE
94.1%
LEVORGGROVEL
82.6%
LAVEVVALVE
79.9%
IREVUQQUIVER
79.1%
VISEESIEVE
76.9%
TOVEIMMOTIVE
72.8%
VIPEREDDEPRIVE
68.2%
TONNCEVCONVENT
64.4%
DINLAVIINVALID
62.1%
DECIVETEVICTED
60.7%
SHAREVTHARVEST
60.6%
VOCALEALCOVE
58.2%
LENOTVYNOVELTY
54.3%
Scrambled Word Answer % Correct
RENTAVTAVERN
53.6%
VENAKSKNAVES
51.8%
INOTAVOOVATION
51.5%
VELOWSWOLVES
50.2%
ALEJINVJAVELIN
50.2%
VERKOOPPROVOKE
48.4%
EERSTVIRESTIVE
44.8%
DEMONVUUNMOVED
38.5%
AFORETVIFAVORITE
32%
CIVLOSEKLOVESICK
27.2%
LORESESUVYYOURSELVES
25.6%
VARIXE*XAVIER
24.6%
AUZOSEV*ZOUAVES
1.9%
Remove Ads.
Support Sporcle.
Get the best of Sporcle when you Go Orange. This ad-free experience offers more features, more stats, and more fun while also helping to support Sporcle. Thank you for becoming a member.

You're not logged in!

Compare scores with friends on all Sporcle quizzes.
OR
Log In

Show Comments

Extras

Top Quizzes Today


Score Distribution

Your Account Isn't Verified!

In order to create a playlist on Sporcle, you need to verify the email address you used during registration. Go to your Sporcle Settings to finish the process.

Report this User

Report this user for behavior that violates our Community Guidelines.

Details: